Central Library OPAC University of Rajshahi

Electrical machinery, transformers, and control / (Record no. 13242)

MARC details
000 -LEADER
fixed length control field 00833pam a2200277 i 4500
001 - CONTROL NUMBER
control field 13242
003 - CONTROL NUMBER IDENTIFIER
rucl marc code BD-RjUL
005 - DATE AND TIME OF LATEST TRANSACTION
control field 20211208235426.0
008 - FIXED-LENGTH DATA ELEMENTS--GENERAL INFORMATION
fixed length control field 140130s1979 njua 001 0 eng
020 ## - INTERNATIONAL STANDARD BOOK NUMBER
International Standard Book Number 0132473208
035 ## - SYSTEM CONTROL NUMBER
System control number (BD-RjUL)13293
040 ## - CATALOGING SOURCE
Original cataloging agency DLC
Transcribing agency DLC
Modifying agency BD-RjUL
Language of cataloging eng
041 ## - LANGUAGE CODE
Language code of text/sound track or separate title eng
082 00 - DEWEY DECIMAL CLASSIFICATION NUMBER
Classification number 621.31042
Author mark and year GIE 1979
100 1# - MAIN ENTRY--PERSONAL NAME
Personal name Gingrich, Harold W.
9 (RLIN) 41242
245 10 - TITLE STATEMENT
Title Electrical machinery, transformers, and control /
Statement of responsibility, etc. Harold W. Gingrich.
260 ## - PUBLICATION, DISTRIBUTION, ETC. (IMPRINT)
Place of publication, distribution, etc. Englewood Cliffs, N.J. :
Name of publisher, distributor, etc. Prentice-Hall,
Date of publication, distribution, etc. c1979.
300 ## - PHYSICAL DESCRIPTION
Pagination xii, 352 p. :
Illustrations ill. ;
Size 25 cm.
500 ## - GENERAL NOTE
General note Includes index.
650 #0 - SUBJECT ADDED ENTRY--TOPICAL TERM
Topical term or geographic name as entry element Electric machinery.
9 (RLIN) 41243
Topical term or geographic name as entry element Electric transformers.
9 (RLIN) 39223
Topical term or geographic name as entry element Electric controllers.
9 (RLIN) 27864
Topical term or geographic name as entry element Power electronics.
9 (RLIN) 41244
942 ## - ADDED ENTRY ELEMENTS (KOHA)
Source of classification or shelving scheme Dewey Decimal Classification
Koha item type Books
Holdings
Lost status Source of classification or shelving scheme Damaged status Not for loan Collection code Permanent Location Current Location Shelving location Date acquired Source of acquisition Cost, normal purchase price Total Checkouts Full call number Date last seen Copy number Koha item type
  Dewey Decimal Classification   Not For Loan Non-fiction Central Library, University of Rajshahi Central Library, University of Rajshahi Reading Room 04/10/1983 Tulip Ent. 25.50   621.31042 GIE 1979 30/01/2014 C-1 Books
  Dewey Decimal Classification     Non-fiction Central Library, University of Rajshahi Central Library, University of Rajshahi   15/10/1984 Tappan & Tulip 26.50   621.31042 GIE 1979 08/04/2017 C-2 Books